<?xml version="1.0" encoding="UTF-8"?>
<collection xmlns:xsi="http://www.w3.org/2001/XMLSchema-instance" xsi:schemaLocation="http://www.loc.gov/MARC21/slim http://www.loc.gov/standards/marcxml/schema/MARC21slim.xsd" xmlns="http://www.loc.gov/MARC21/slim">
 <record>
  <leader>00000ctm a22000003a 4500</leader>
  <controlfield tag="001">UP-99796217613424646</controlfield>
  <controlfield tag="003">Buklod</controlfield>
  <controlfield tag="005">20200706182142.0</controlfield>
  <controlfield tag="006">t    gr     000 0 </controlfield>
  <controlfield tag="007">ta</controlfield>
  <controlfield tag="008">200706s2000    xx     d     r    |||| u|</controlfield>
  <datafield tag="035" ind1=" " ind2=" ">
   <subfield code="a">(iLib)UPD-00516573230</subfield>
  </datafield>
  <datafield tag="040" ind1=" " ind2=" ">
   <subfield code="a">DMC</subfield>
   <subfield code="e">rda</subfield>
  </datafield>
  <datafield tag="041" ind1=" " ind2=" ">
   <subfield code="a">eng</subfield>
  </datafield>
  <datafield tag="041" ind1=" " ind2=" ">
   <subfield code="a">fil</subfield>
  </datafield>
  <datafield tag="100" ind1="1" ind2=" ">
   <subfield code="a">Gomez, Cherrie Rose I.</subfield>
   <subfield code="e">author.</subfield>
  </datafield>
  <datafield tag="245" ind1="1" ind2="0">
   <subfield code="a">As seen on TV</subfield>
   <subfield code="b">a study on the role of TV ads with sexual content to the interaction of adolescents</subfield>
   <subfield code="c">by Cherrie Rose I. Gomez.</subfield>
  </datafield>
  <datafield tag="264" ind1=" " ind2="0">
   <subfield code="a">Quezon City</subfield>
   <subfield code="b">College of Mass Communication, University of the Philippines Diliman</subfield>
   <subfield code="c">2000.</subfield>
  </datafield>
  <datafield tag="300" ind1=" " ind2=" ">
   <subfield code="a">xii, 267 leaves</subfield>
   <subfield code="b">color illustrations</subfield>
   <subfield code="c">28 cm</subfield>
  </datafield>
  <datafield tag="336" ind1=" " ind2=" ">
   <subfield code="a">text</subfield>
   <subfield code="2">rdacontent</subfield>
  </datafield>
  <datafield tag="337" ind1=" " ind2=" ">
   <subfield code="a">unmediated</subfield>
   <subfield code="2">rdamedia</subfield>
  </datafield>
  <datafield tag="338" ind1=" " ind2=" ">
   <subfield code="a">volume</subfield>
   <subfield code="2">rdacarrier</subfield>
  </datafield>
  <datafield tag="500" ind1=" " ind2=" ">
   <subfield code="a">Vita.</subfield>
  </datafield>
  <datafield tag="502" ind1=" " ind2=" ">
   <subfield code="a">Thesis (A.B. Communication Research)--University of the Philippines Diliman</subfield>
   <subfield code="d">March 2000.</subfield>
  </datafield>
  <datafield tag="506" ind1=" " ind2=" ">
   <subfield code="a">Available to the general public.</subfield>
  </datafield>
  <datafield tag="520" ind1=" " ind2=" ">
   <subfield code="a">This study aims to find out if television ads with sexual content influence the interaction of adolescents with the opposite sex. It also aims to find out if there is a difference between the interpretation of the males and females of the ads with sexual content. The methods used in the study are focus group discussions and textual analysis of the advertisements. The group discussions were used to find out what the adolescents think of the said advertisements and how they use it. It was also used to determine which among the television ads today contain sexual content. Textual analysis of the advertisements were employed to determine if the said do contain sexual content and to what degree. The subjects for the study are students from three different types of high schools: the exclusive for boys, the exclusive for girls and the co-ed. The respective schools are: San Beda College, St. Scholastica's College of Manila, St. Paul's College of Parañaque, Sta. Catalina and Claret School of Quezon City. They were chosen because of their environment. It was perceived that adolescents from exclusive schools tend to think and interact differently with opposite sex compared to those who came from co-ed schools. The theories that were used to explain the phenomenon were Comstock's Psychological Model of TV Effects on Individual Behavior, the Individual Differences Theory and the Two-cultures Theory of Gender-linked Language Differences. The advertisements that were analyzed were those that were suggested by the students themselves. This is to determine which among the ads shown today contain sexual content based on their standards. These ads are as follows: Manila Pure, Sprite, Trust Condoms, Tanduay, White Castle, Axe, White Flower and Nizoral Cream. It was found that adolescents are influenced by the ads with sexual content because they use these to socialize and as topics for conversation. They also use these ads as a basis for an icebreaker when meeting someone. They incorporate the elements of the advertisement, maibly the dialogue, to elicit a response from the opposite sex. The informants considered the model's status in the movie industry when they label an ad as sexual. Not all ads contained the criteria set by the subjects. Most of them have only or two of the characteristics.</subfield>
  </datafield>
  <datafield tag="650" ind1=" " ind2="0">
   <subfield code="a">Sex in advertising</subfield>
   <subfield code="z">Philippines.</subfield>
  </datafield>
  <datafield tag="650" ind1=" " ind2="0">
   <subfield code="a">Sex on television</subfield>
   <subfield code="z">Philippines.</subfield>
  </datafield>
  <datafield tag="710" ind1="2" ind2=" ">
   <subfield code="a">University of the Philippines Diliman</subfield>
   <subfield code="b">College of Mass Communication.</subfield>
  </datafield>
  <datafield tag="905" ind1=" " ind2=" ">
   <subfield code="a">FI</subfield>
  </datafield>
  <datafield tag="905" ind1=" " ind2=" ">
   <subfield code="a">UP</subfield>
  </datafield>
  <datafield tag="852" ind1="0" ind2=" ">
   <subfield code="a">UPD</subfield>
   <subfield code="b">DMC</subfield>
  </datafield>
  <datafield tag="942" ind1=" " ind2=" ">
   <subfield code="a">Thesis</subfield>
  </datafield>
 </record>
</collection>
